Spouses in Common Quiz Stats

 Plays Quiz Updated Nov 15, 2018

Score 0/22 Timer 08:00
1 Play Today
Spouse/Partner A Spouse in Common % Correct
Jennifer AnistonBrad Pitt
97.3%
Bruce WillisDemi Moore
95.4%
Tommy LeePamela Anderson
89.5%
Lisa Marie PresleyMichael Jackson
81.6%
Jason AlexanderBritney Spears
78.7%
Arthur MillerMarilyn Monroe
78.5%
Anne HecheEllen DeGeneres
72.9%
Lyle LovettJulia Roberts
64.4%
Brooke Shields Andre Agassi
64.2%
Melissa MathesonHarrison Ford
57.8%
Linda EastmanPaul McCartney
57.5%
Spouse/Partner A Spouse in Common % Correct
Don JohnsonMelanie Griffith
54.4%
Richard BurtonElizabeth Taylor
47.5%
Frank SinatraMia Farrow
44.7%
Elliot GouldBarbra Streisand
34.2%
Anjelica HustonJack Nicholson
33.9%
Jane WymanRonald Reagan
33.1%
Debbie ReynoldsEddie Fisher
24.3%
Julianne PhillipsBruce Springsteen
24.1%
Renate BlauelElton John
20.8%
Howard HughesAva Gardner
20.6%
Vivien LeighLaurence Olivier
13.6%

You're not logged in!

Compare scores with friends on all Sporcle quizzes.
OR
Log In

Sporcle TV

Today on Sporcle TV


Watch our educational content, quiz creation guides, and fun videos on Sporcle TV.

Show Comments

Extras

Top Quizzes Today


Score Distribution

Your Account Isn't Verified!

In order to create a playlist on Sporcle, you need to verify the email address you used during registration. Go to your Sporcle Settings to finish the process.

Report this User

Report this user for behavior that violates our Community Guidelines.

Details: